000 00305nam a22001337a 4500
008 181025b xxu||||| |||| 00| 0 eng d
020 _a9781589068636
041 _aeng
080 _a321
100 _a21
101 _aPOL
245 _asTUDIES Imf governance A Compendium
_cRuben.L
942 _2udc
_cBK
999 _c50917
_d50917